Contemporary translation theories / (Record no. 15136)

000 -LEADER
fixed length control field 01013pam a2200277 a 4500
001 - CONTROL NUMBER
control field 4869663
005 - DATE AND TIME OF LATEST TRANSACTION
control field 20170105102911.0
008 - FIXED-LENGTH DATA ELEMENTS--GENERAL INFORMATION
fixed length control field 920721s1993 enk b 001 0 eng
010 ## - LIBRARY OF CONGRESS CONTROL NUMBER
LC control number 92028822
020 ## - INTERNATIONAL STANDARD BOOK NUMBER
International Standard Book Number 0415091713 :
Terms of availability $60.00
020 ## - INTERNATIONAL STANDARD BOOK NUMBER
International Standard Book Number 0415091721 (pbk.) :
Terms of availability $25.00
040 ## - CATALOGING SOURCE
Original cataloging agency DLC
Transcribing agency DLC
Modifying agency DLC
050 00 - LIBRARY OF CONGRESS CALL NUMBER
Classification number P306
Item number .G44 1993
082 00 - DEWEY DECIMAL CLASSIFICATION NUMBER
Classification number 418/.02
Edition number 20
100 1# - MAIN ENTRY--PERSONAL NAME
Personal name Gentzler, Edwin,
Dates associated with a name 1951-
245 10 - TITLE STATEMENT
Title Contemporary translation theories /
Statement of responsibility, etc. Edwin Gentzler.
260 ## - PUBLICATION, DISTRIBUTION, ETC.
Place of publication, distribution, etc. London ;
-- New York :
Name of publisher, distributor, etc. Routledge,
Date of publication, distribution, etc. 1993.
300 ## - PHYSICAL DESCRIPTION
Extent xiv, 224 p. ;
Dimensions 23 cm.
490 1# - SERIES STATEMENT
Series statement Translation studies
504 ## - BIBLIOGRAPHY, ETC. NOTE
Bibliography, etc. note Includes bibliographical references (p. [200]-218) and index.
650 #0 - SUBJECT ADDED ENTRY--TOPICAL TERM
Topical term or geographic name entry element Translating and interpreting.
830 #0 - SERIES ADDED ENTRY--UNIFORM TITLE
Uniform title Translation studies (London, England)
906 ## - LOCAL DATA ELEMENT F, LDF (RLIN)
a 7
b cbc
c orignew
d 1
e ocip
f 19
g y-gencatlg
942 ## - ADDED ENTRY ELEMENTS (KOHA)
Source of classification or shelving scheme
Koha item type Book
Holdings
Withdrawn status Lost status Damaged status Not for loan Collection code Permanent Location Current Location Shelving location Date acquired Total Checkouts Full call number Barcode Date last seen Price effective from Koha item type
          Centre for International Peace & Stability (CIPS) Centre for International Peace & Stability (CIPS) General Stacks 10/02/2013   418.02 GEN 2010 CIPS0001992 11/04/2013 11/04/2013 Book
© 2023 Central Library, National University of Sciences and Technology. All Rights Reserved.